1819 1026 1065 1175 1269 1993 1029 1405 1835 1384 1807 1654 1461 1520 1926 1114 1848 1817 1606 1556 1872 1160 1491 1761 1826 1284 1655 1574 1241 1911 1836 1913 1165 1597 1722 1646 1701 1495 1371 1517 1400 1830 1739 1171 1496 1147 1106 1016 1789 1042 1766 1105 1493 1658 1857 1060 1976 1311 1293 1694 1565 1121 1901 1943 1751 1201 1672 1984 1907 1029 1816 1019 1981 1504 1815 1063 1038 1050 1322 1630 1977 1590 1137 1815 1214 1808 1935 1820 1158 1190 1522 1351 1438 1500 1394 1834 1961 1019 1997 BCNSPRNW ULIB Ver.6.0+V

เปลี่ยนเป็นภาษาไทย

Change to English
 แสดงรายละเอียดบรรณานุกรม
  กลับหน้าหลัก

Brief Record : Get Marc (ISO 2709) : E-mail record : QR code < ปิดหน้าต่าง
LEADER : 00000nam 2200000uu 4500
001    13399124807
003     ULIB
008    160325s2014||||th 000 0 eng d
020    ^a9780470657768
060  4 ^aWY86^bM155f
100 1  ^aMcKenna, Hugh P.
245 10 ^aFundamentals of nursing models, theories and practice /^cHugh P. McKenna, Majda Pajnkihar, Fiona A. Murphy.
246 30 ^aNursing models, theories and practice.
250    ^a2nd ed
260    ^aChichester, West Sussex :^bWiley Blackwell,^cc2014.
300    ^axi, 225 p. ;^c24 cm.
500    ^aRevision of: McKenna, Hugh P., 1954-. Nursing models, theories and practice. Oxford : Blackwell Publishing, 2008.
504    ^aIncludes bibliographical references and index
650  2 ^aModels, Nursing.
650  2 ^aNursing Theory.
650  2 ^aNursing Process.
700 1  ^aPankhihar, Majda,^ejt auth.
700 1  ^aMurphy, Fiona,^ejt auth.
945    ^p38^l0^i000357
999    ^aเกษร โพธิ์สุวรรณ
รายการนี้ยังไม่มีแท็ก
คุณยังไม่ได้ล็อกอิน คุณสามารถมีกิจกรรมร่วมกับเว็บไซต์ได้ แต่ต้องล็อกอินก่อน ::
  ล็อกอิน

รายการสื่อสารสนเทศ

ลำดับที่ ประเภท เลขเรียก/บาร์โค้ด สถานที่ สถานะ
1. Book การพยาบาล
Book การพยาบาล
WY86 M155f ฉ.1 
  Barcode: 000357
ห้องสมุดวิทยาเขตสวรรค์ประชารักษ์
►หนังสือทั่วไป
บนชั้น

รายการใกล้เคียง
    หัวเรื่อง [Nursing Process.]

BibComment


ยังไม่เคยถูกคอมเมนท์

คอมเมนท์ทรัพยากรรายการนี้
  คอมเมนท์: Fundamentals of ..


 Copyright 2026. Bcnsprnw @Library